О подходах к оцениванию информативности признаков в тестовом распознавании; Известия Томского политехнического университета [Известия ТПУ]; Т. 309, № 8
| Parent link: | Известия Томского политехнического университета [Известия ТПУ]/ Томский политехнический университет (ТПУ).— , 2000- Т. 309, № 8.— 2006.— [С. 23-28] |
|---|---|
| מחבר ראשי: | |
| סיכום: | Заглавие с титульного листа Электронная версия печатной публикации Предлагаются два подхода к вычислению весовых коэффициентов характеристических признаков, используемых в тестовых системах поддержки принятия решения, а именно: подход на основе формализма мультимножеств и метода анализа иерархий и подход на основе упрощенного метода анализа иерархий, частично решающего проблему определения весовых коэффициентов признаков для случая, когда размерность признакового пространства достаточно велика. Обсуждаются методы, реализующие данные подходы. |
| שפה: | רוסית |
| יצא לאור: |
2006
|
| סדרה: | Естественные науки |
| נושאים: | |
| גישה מקוונת: | http://www.lib.tpu.ru/fulltext/v/Bulletin_TPU/2006/v309/i8/05.pdf |
| פורמט: | MixedMaterials אלקטרוני Book Chapter |
| KOHA link: | https://koha.lib.tpu.ru/cgi-bin/koha/opac-detail.pl?biblionumber=171861 |
MARC
| LEADER | 00000nla2a2200000 4500 | ||
|---|---|---|---|
| 001 | 171861 | ||
| 005 | 20231031164138.0 | ||
| 035 | |a (RuTPU)RU\TPU\book\186334 | ||
| 035 | |a RU\TPU\book\186333 | ||
| 090 | |a 171861 | ||
| 100 | |a 20091209d2006 k y0rusy50 ca | ||
| 101 | 0 | |a rus | |
| 102 | |a RU | ||
| 135 | |a drnn ---uucaa | ||
| 181 | 0 | |a i | |
| 182 | 0 | |a b | |
| 200 | 1 | |a О подходах к оцениванию информативности признаков в тестовом распознавании |b Электронный ресурс |f С. И. Колесникова | |
| 203 | |a Текст |c электронный | ||
| 215 | |a 1 файл (473 Кб) | ||
| 225 | 1 | |a Естественные науки | |
| 230 | |a Электронные текстовые данные (1 файл : 473 Кб) | ||
| 300 | |a Заглавие с титульного листа | ||
| 300 | |a Электронная версия печатной публикации | ||
| 320 | |a [Библиогр.: с. 28 (7 назв.)] | ||
| 330 | |a Предлагаются два подхода к вычислению весовых коэффициентов характеристических признаков, используемых в тестовых системах поддержки принятия решения, а именно: подход на основе формализма мультимножеств и метода анализа иерархий и подход на основе упрощенного метода анализа иерархий, частично решающего проблему определения весовых коэффициентов признаков для случая, когда размерность признакового пространства достаточно велика. Обсуждаются методы, реализующие данные подходы. | ||
| 337 | |a Adobe Reader | ||
| 461 | 1 | |0 (RuTPU)RU\TPU\book\176237 |t Известия Томского политехнического университета [Известия ТПУ] |f Томский политехнический университет (ТПУ) |d 2000- | |
| 463 | 1 | |0 (RuTPU)RU\TPU\book\186329 |x 1684-8519 |t Т. 309, № 8 |v [С. 23-28] |d 2006 |p 293 с. | |
| 610 | 1 | |a подходы | |
| 610 | 1 | |a оценивание | |
| 610 | 1 | |a информативность | |
| 610 | 1 | |a признаки | |
| 610 | 1 | |a тестовое распознавание | |
| 610 | 1 | |a весовые коэффициенты | |
| 610 | 1 | |a характеристические признаки | |
| 610 | 1 | |a тестовые системы | |
| 610 | 1 | |a формализм | |
| 610 | 1 | |a мультимножества | |
| 610 | 1 | |a метод анализа иерархий | |
| 610 | 1 | |a признаковое пространство | |
| 610 | 1 | |a электронный ресурс | |
| 700 | 1 | |a Колесникова |b С. И. |c российский ученый, специалист в области математического моделирования и дискретной математики |c доцент Томского политехнического университета, кандидат физико-математических наук |f 1957- |g Светлана Ивановна |2 stltpush |3 (RuTPU)RU\TPU\pers\27089 | |
| 801 | 1 | |a RU |b 63413507 |c 20090623 |g PSBO | |
| 801 | 2 | |a RU |b 63413507 |c 20211115 |g PSBO | |
| 856 | 4 | |u http://www.lib.tpu.ru/fulltext/v/Bulletin_TPU/2006/v309/i8/05.pdf | |
| 942 | |c CF | ||